000 00959nam a22003137a 4500
003 CHAP
005 20220817043224.0
008 971013s1984 r 00010 d
010 _a68914
011 _a69886
035 _a79364
040 _cCHAP
090 _aFolleto 12304
100 0 0 _aBell, Carl E.
_911349
245 _aWood control in cucurbites
260 _aBerkeley, Ca :
_bUniversity of California. Division of Agriculture and Natural Resources,
_c1984
300 _a[4] p.
490 _aLeaflet
_v; 21326
500 _a32-62
590 _aBATCH-UPD
_b10
_c20130110
_lUCH01
_h0724
590 _aBATCH-UPD
_b10
_c20130410
_lUCH01
_h0408
590 _aBATCH-UPD
_b10
_c20130914
_lUCH01
_h0556
590 _aCONVERSION
_b10
_c20130109
_lUCH01
_h1338
650 1 4 _aCucurbitáceas
_xMalas hierbas
_xControl.
_930005
830 0 _aLeaflet
_v; 21326
901 _aBK
942 _cFOLL
949 _aFolleto 12304
_bBC
_cFOLL
_d-32251
_eTS1
_i79364
_si
_t62.40
999 _c68914
_d68914